Estadística para las ciencias agropecuarias /
Guardado en:
| Otros Autores: | |
|---|---|
| Formato: | Libro |
| Idioma: | Spanish |
| Publicado: |
Córdoba, Argentina :
Editorial Brujas,
c2005.
|
| Edición: | 6a. ed. |
| Materias: | |
| Etiquetas: |
Agregar Etiqueta
Sin Etiquetas, Sea el primero en etiquetar este registro!
|
| LEADER | 01159nam a22002775a 4500 | ||
|---|---|---|---|
| 001 | EUN.eunm001426 | ||
| 005 | 20190314085329.0 | ||
| 008 | 070918s2005####ag#a#####b####000#0#spa#d | ||
| 020 | |a 9871142684 | ||
| 082 | 0 | 4 | |a 519.9 |2 15 |
| 082 | 0 | 4 | |a 630.21 |2 15 |
| 245 | 0 | 0 | |a Estadística para las ciencias agropecuarias / |c Di Rienzo, Julio Alejandro ... [et al.]. |
| 250 | |a 6a. ed. | ||
| 260 | |a Córdoba, Argentina : |b Editorial Brujas, |c c2005. | ||
| 300 | |a ix, 329 p. : |b il. ; |c 25 cm. | ||
| 504 | |a Incluye referencias bibliográficas. | ||
| 650 | 7 | |a Matemáticas. |2 unbist | |
| 650 | 7 | |a Estadística. |2 unbist | |
| 653 | |a Ciencias agrarias | ||
| 700 | 1 | |a Di Rienzo, Julio Alejandro, |d 1955- | |
| 859 | |a AR-BaUNS |b BIB. CENTRAL - Sector A |h 519.9 |i D628a6 |p 118258/007 | ||
| 859 | |a AR-BaUNS |b BIB. CENTRAL - Sector A |h 519.9 |i D628a6 |p 118259/007 |t Ej.2 | ||
| 859 | |a AR-BaUNS |b BIB. CENTRAL - Sector A |h 519.9 |i D628a6 |p 118260/007 |t Ej.3 | ||
| 859 | |a AR-BaUNS |b BIB. CENTRAL - Sector A |h 519.9 |i D628a6 |p 118261/007 |t Ej.4 | ||
| 859 | |a AR-BaUNS |b BIB. CENTRAL - Sector A |h 519.9 |i D628a6 |p 118262/007 |t Ej.5 | ||
| 859 | |a AR-BaUNS |b BIB. CENTRAL - Sector A |h 519.9 |i D628a6 |p 118263/007 |t Ej.6 | ||
